|
|
|
|
| LEADER |
00000nam0a2200000 4500 |
| 001 |
91491 |
| 005 |
20231031104100.0 |
| 010 |
|
|
|a 5060049620
|
| 035 |
|
|
|a (RuTPU)RU\TPU\book\98079
|
| 090 |
|
|
|a 91491
|
| 100 |
|
|
|a 20060226d2005 k y0rusy50 ca
|
| 101 |
0 |
|
|a rus
|
| 102 |
|
|
|a RU
|
| 105 |
|
|
|a y z 001zy
|
| 200 |
1 |
|
|a Избранные труды
|f И. Р. Гальперин
|
| 210 |
|
|
|a Москва
|c Высшая школа
|d 2005
|
| 215 |
|
|
|a 255 с.
|
| 320 |
|
|
|a Библиогр.: с. 229-231.
|
| 330 |
|
|
|a В книгу вошла работа известного ученого-филолога «Информативность единиц языка» (выходившая ранее в издательстве «Высшая школа») и статьи по общему языкознанию и английскому языку. Книга подготовлена к изданию кафедрой стилистики английского языка Московского государственного лингвистического университета (зав. кафедрой доц. К. М. Ирисханова). Выход книги приурочен к 100-летию со дня рождения автора.
|
| 610 |
1 |
|
|a языкознание
|
| 610 |
1 |
|
|a лингвистика
|
| 610 |
1 |
|
|a стилистика
|
| 610 |
1 |
|
|a звуки
|
| 610 |
1 |
|
|a язык
|
| 610 |
1 |
|
|a слова
|
| 610 |
1 |
|
|a морфемы
|
| 610 |
1 |
|
|a информативность
|
| 610 |
1 |
|
|a лексикография
|
| 686 |
|
|
|a Ш107
|2 rubbk
|
| 700 |
|
1 |
|a Гальперин
|b И. Р.
|g Илья Романович
|
| 801 |
|
1 |
|a RU
|b 63413507
|c 20060226
|g PSBO
|
| 801 |
|
2 |
|a RU
|b 63413507
|c 20101126
|g PSBO
|
| 942 |
|
|
|c BK
|
| 959 |
|
|
|a 18/20060226
|d 1
|e 168,63
|f ЧЗИЛ:1
|